Autology (study thyself) and autopathy (cure thyself) / E. R. Moras, M. D. Chicago, Ill. graduate of Harvard University Medical School '88; of College of Physicians and surgeons (Chicago) '89; formerly house physician and surgeon in cook county hospital (Chicago), professor of obstetrics College of Physicians and Surgeons (Chicago), member of Chicago Medical Society, etc.

Detalles Bibliográficos
Autor principal: Moras, Edmond Raymond, 1865- ?
Formato: Libro
Lenguaje:English
Publicado: Chicago : s.n., 1905.
Materias:
Colección:Banco de datos
Acervo:Universidad Autónoma Benito Juárez de Oaxaca. Biblioteca Francisco de Burgoa. Colección histórica
Descripción Física:250 p., [1] h. : il. ; 19 cm.
Tema general:Medicina
Notas:Portada tipográfica con pleca. Texto a renglón seguido con paginación en números arábigos, notas a pie de página y cornisas. Incluye retrato de E. R. Morras. Encuadernación en tela plastificada sobre cartón. Ex libris en estampa de Doctor Pritchett. Osteopatl. Mesón de Sosa núm. 7
LEADER 01223nam a22001690004500
035 |a 5464 
041 0 |a eng 
100 1 |a Moras, Edmond Raymond, 1865- ? 
245 1 0 |a Autology (study thyself) and autopathy (cure thyself) / E. R. Moras, M. D. Chicago, Ill. graduate of Harvard University Medical School '88; of College of Physicians and surgeons (Chicago) '89; formerly house physician and surgeon in cook county hospital (Chicago), professor of obstetrics College of Physicians and Surgeons (Chicago), member of Chicago Medical Society, etc. 
260 |a Chicago : s.n., 1905. 
300 |a 250 p., [1] h. : il. ; 19 cm.  
500 |a Portada tipográfica con pleca. Texto a renglón seguido con paginación en números arábigos, notas a pie de página y cornisas. Incluye retrato de E. R. Morras. Encuadernación en tela plastificada sobre cartón. Ex libris en estampa de Doctor Pritchett. Osteopatl. Mesón de Sosa núm. 7 
650 1 0 |a Medicina 
852 |a Universidad Autónoma "Benito Juárez" de Oaxaca, Biblioteca Francisco de Burgoa, Colección histórica 24688 
942 |c BURHIS 
943 |g Universidad Autónoma Benito Juárez de Oaxaca. Biblioteca Francisco de Burgoa. Colección histórica 
999 |c 1124307  |d 1124307